00447nam a2200121Ia 4500008004100000082001800041100002100059245006600080260004100146365000600187630006600193730006600259100415s9999 xx 000 0 und d b13344a808.02 aTurabian Kate L aA Mnual for Writers of Team Papers, Theses, and Dissertations aCHICAGOc1982bUNIVERSITY OF CHICAGO b0 aA Mnual for Writers of Team Papers, Theses, and Dissertations aA Mnual for Writers of Team Papers, Theses, and Dissertations